LEADER 01224nam2-2200373---450- 001 990005799980203316 005 20130124093915.0 010 $a978-1-4073-1030-5 035 $a000579998 035 $aUSA01000579998 035 $a(ALEPH)000579998USA01 035 $a000579998 100 $a20130124d2012----km-y0itay50------ba 101 0 $aeng 102 $aGB 105 $aa---||||001yy 200 1 $a<> new interpretation of the cone on the head in New Kingdom Egyptian tomb scenes$fJoan Padgham 210 $aOxford$cArcheopress$d2012 215 $aX, 159 p.$cill.$d30 cm 225 2 $aBAR International series$v2431 410 0$1001000018484$12001$aBAR International series$v, 2431 606 1 $aTombe egizie 676 $a932.01 700 1$aPADGHAM,$bJoan$0616312 801 0$aIT$bsalbc$gISBD 912 $a990005799980203316 951 $aXI.5. Coll. 12/ 1082$b239408 L.M.$cXI.5. Coll.$d00313234 959 $aBK 969 $aUMA 979 $aPASSARO$b90$c20130124$lUSA01$h0937 979 $aPASSARO$b90$c20130124$lUSA01$h0937 979 $aPASSARO$b90$c20130124$lUSA01$h0939 996 $aNew interpretation of the cone on the head in New Kingdom Egyptian tomb scenes$91080656 997 $aUNISA LEADER 01940nam0 2200445 i 450 001 VAN0102883 005 20220209085511.69 017 70$2N$a978-1-4939-0005-3 100 $a20151012d2014 |0itac50 ba 101 $aeng 102 $aUS 105 $a|||| ||||| 200 1 $aStatistical inference on residual life$fJong-Hyeon Jeong 210 $aNew York$cSpringer$d2014 215 $aXI, 201 p.$cill.$d24 cm 410 1$1001VAN0102850$12001 $aStatistics for biology and health$1210 $aBerlin [etc.]$cSpringer 500 1$3VAN0239804$aStatistical inference on residual life$91410716 606 $a62P10$xApplications of statistics to biology and medical sciences; meta analysis [MSC 2020]$3VANC024649$2MF 606 $a62Nxx$xSurvival analysis and censored data [MSC 2020]$3VANC027776$2MF 606 $a60K10$xApplications of renewal theory (reliability, demand theory, etc.) [MSC 2020]$3VANC029272$2MF 610 $aBiostatistics$9KW:K 610 $aClinical Trials$9KW:K 610 $aCompeting risks$9KW:K 610 $aEmpirical Likelihood$9KW:K 610 $aMean (Quantile) Residual Life$9KW:K 610 $aMean Residual Life$9KW:K 610 $aReliability theory$9KW:K 610 $aStatistics$9KW:K 610 $aSurvival analysis$9KW:K 620 $aUS$dNew York$3VANL000011 700 1$aJeong$bJong-Hyeon$3VANV080297$0721702 712 $aSpringer $3VANV108073$4650 801 $aIT$bSOL$c20240614$gRICA 856 4 $uhttp://dx.doi.org/10.1007/978-1-4939-0005-3$zE-book ? Accesso al full-text attraverso riconoscimento IP di Ateneo, proxy e/o Shibboleth 899 $aBIBLIOTECA CENTRO DI SERVIZIO SBA$2VAN15 912 $fN 912 $aVAN0102883 950 $aBIBLIOTECA CENTRO DI SERVIZIO SBA$d15CONS SBA EBOOK 4606 $e15EB 4606 20191106 996 $aStatistical inference on residual life$91410716 997 $aUNICAMPANIA LEADER 01795nam0 2200397 i 450 001 VAN0114846 005 20220308102937.686 017 70$2N$a978-3-319-47066-5 100 $a20180213d2016 |0itac50 ba 101 $aeng 102 $aCH 105 $a|||| ||||| 200 1 $aHigh performance computing in science and engineering '16$etransactions of the high performance computing center, Stuttgart (HLRS) 2015$fWolfgang E. Nagel, Dietmar H. Kröner, Michael M. Resch editors 210 $a[Cham]$cSpringer$d2016 215 $aX, 678 p.$cill.$d24 cm 500 1$3VAN0242450$aHigh performance computing in science and engineering '16$91523384 606 $a65Cxx$xProbabilistic methods, stochastic differential equations [MSC 2020]$3VANC028329$2MF 610 $aComputational science and engineering$9KW:K 610 $aHigh Performance Computing$9KW:K 610 $aModelling$9KW:K 610 $aSimulation$9KW:K 610 $aVector supercomputers$9KW:K 620 $aCH$dCham$3VANL001889 702 1$aKroner$bDietmar H.$3VANV087390 702 1$aNagel$bWolfgang E.$3VANV087389 702 1$aResch$bMichael M.$3VANV087391 712 $aSpringer $3VANV108073$4650 790 1$aResch, M. M.$zResch, Michael M.$3VANV106296 801 $aIT$bSOL$c20240614$gRICA 856 4 $uhttp://dx.doi.org/10.1007/978-3-319-47066-5$zE-book ? Accesso al full-text attraverso riconoscimento IP di Ateneo, proxy e/o Shibboleth 899 $aBIBLIOTECA CENTRO DI SERVIZIO SBA$2VAN15 912 $fN 912 $aVAN0114846 950 $aBIBLIOTECA CENTRO DI SERVIZIO SBA$d15CONS SBA EBOOK 2297 $e15EB 2297 20180213 996 $aHigh performance computing in science and engineering '16$91523384 997 $aUNICAMPANIA LEADER 02522nam0 2200589 i 450 001 VAN0127257 005 20230628090143.819 017 70$2N$a9781493994298 100 $a20200303d2019 |0itac50 ba 101 $aeng 102 $aUS 105 $a|||| ||||| 200 1 $aFinancial Econometrics, Mathematics and Statistics$eTheory, Method and Application$fCheng-Few Lee, Hong-Yi Chen, John Lee 210 $aNew York$cSpringer$d2019 215 $axx, 655 p.$cill.$d24 cm 500 1$3VAN0237066$aFinancial Econometrics, Mathematics and Statistics$91733827 606 $a62-XX$xStatistics [MSC 2020]$3VANC022998$2MF 606 $a62P05$xApplications of statistics to actuarial sciences and financial mathematics [MSC 2020]$3VANC030682$2MF 610 $aARCH method$9KW:K 610 $aAsset allocation$9KW:K 610 $aAutoregressive forecasting model$9KW:K 610 $aCapital asset pricing model$9KW:K 610 $aCredit risk$9KW:K 610 $aDummy variables$9KW:K 610 $aError component model$9KW:K 610 $aFinancial Econometrics and Statistics$9KW:K 610 $aHeteroscedasticity$9KW:K 610 $aHolt-Winters forecasting model$9KW:K 610 $aLISREAL method$9KW:K 610 $aMaximum likelihood method$9KW:K 610 $aMonte-Carlo Simulation$9KW:K 610 $aMultiple regression$9KW:K 610 $aOption pricing model$9KW:K 610 $aPanel Data Analysis$9KW:K 610 $aSimultaneous Equation Models$9KW:K 610 $aSingle Equation Regression Methods$9KW:K 610 $aStatistical Distributions$9KW:K 610 $aTime Series Analysis$9KW:K 620 $aUS$dNew York$3VANL000011 700 1$aLee$bCheng-Few$3VANV088761$0114212 701 1$aChen$bHong-Yi$3VANV098696$0781830 702 1$aLee$bJohn Chung-Mong$3VANV098697 712 $aSpringer $3VANV108073$4650 790 1$aLee, John$zLee, John Chung-Mong$3VANV098698 801 $aIT$bSOL$c20240614$gRICA 856 4 $uhttp://doi.org/10.1007/978-1-4939-9429-8$zE-book ? Accesso al full-text attraverso riconoscimento IP di Ateneo, proxy e/o Shibboleth 899 $aBIBLIOTECA DEL DIPARTIMENTO DI MATEMATICA E FISICA$1IT-CE0120$2VAN08 912 $fN 912 $aVAN0127257 950 $aBIBLIOTECA DEL DIPARTIMENTO DI MATEMATICA E FISICA$d08CONS e-book 1809 $e08eMF1809 20200303 996 $aFinancial Econometrics, Mathematics and Statistics$91733827 997 $aUNICAMPANIA